Statistiques concernant Bâtiment de la marine Française

Cliquez ici pour prendre le quiz!

Statistiques générales

  • Ce quiz a été pris 30 fois
  • Le résultat moyen est 8 sur 56

Statistiques - réponses

Réponse% Correct
Porte-avions
83%
Sous-marin nucléaire d’attaque Suffren
67%
Frégate multi-missions
50%
Porte-hélicoptères amphibie
50%
Sous-marin nucléaire d’attaque Rubis
50%
Rafale Marine
42%
Sous-marin nucléaire lanceur d’engins
42%
Dauphin
33%
Frégate de défense aérienne
33%
Atlantique 2
25%
Bâtiment de commandement et de ravitaillement
25%
Frégate type La Fayette
25%
Panther
25%
Bâtiment de soutien et d’assistance métropolitain
17%
Caïman Marine
17%
E-2C Hawkeye
17%
Falcon 50M
17%
Xingu
17%
Bâtiment base de plongeurs démineurs
8%
Bâtiment de recherche électromagnétiques
8%
Bâtiment de soutien et d’assistance outre-mer
8%
Bâtiment d’essais et de mesures
8%
Bâtiment d’instruction à la navigation
8%
Bâtiment école
8%
Bâtiment hydrographique
8%
Bâtiment hydrographique et océanographique
8%
Bâtiment remorqueur de sonar
8%
Chasseur de mines tripartite
8%
Frégate de surveillance
8%
Frégate multi-missions à capacité de défense aérienne renforcée
8%
H160
8%
Patrouilleur
8%
Patrouilleur de haute-mer
8%
Patrouilleur de service public
8%
Patrouilleur polaire
8%
Remorqueur portuaire et côtier
8%
Bateau-pompe
0%
Bâtiment de soutien et d’assistance affrèté
0%
Bâtiment d’expérimentation de guerre des mines
0%
Commandos Marine
0%
Embarcation d’incendie et de sauvetage
0%
Embarcation légère d’incendie et de secours
0%
Embarcation remonte-filets
0%
Embarcations commandos
0%
Embarcation transport incendie sauvetage
0%
Falcon 10 Mer
0%
Falcon 200 Gardian
0%
Fusiliers marins
0%
Patrouilleur Antilles Guyane
0%
Patrouilleur côtier de gendarmerie
0%
Remorqueur d'intervention, d’assistance et de sauvetage
0%
Vedette
0%
Vedette côtière de surveillance maritime
0%
Vedette côtière de surveillance maritime nouvelle génération
0%
Vedette de sûreté maritime et portuaire
0%
Voilier école
0%

Distribution des résultats

Percentile par nombre de réponses

% des personnes avec chaque résultat

Votre développement - résultats

Vous n’avez pas pris ce quiz